000 00787cam a22002291 4500
001 gs 05000209
003 DLC
005 20260227111300.0
008 801020s1836 pau 000 0 eng c
010 _ags 05000209
035 _a(OCoLC)6840428
040 _aU.S. Geol. Survey Lib.
_cViU
_dDLC
042 _apremarc
043 _an-us-va
050 0 0 _aQE173
_b.A1
110 1 _aVirginia.
_bBoard of Public Works.
245 1 0 _aReport of the geological reconnoissance of the state of Virginia.
_bMade under the appointment of the Board of public works,
_cby William B. Rogers ...
260 _aPhiladelphia,
_bDesilver, Thomas & Co.,
_c1836.
300 _a143, [1] p.
_bfold. front. (profile)
_c23 cm.
650 0 _aGeology
_zVirginia.
700 1 _aRogers, William Barton,
_d1804-1882.
999 _c24167
_d24167